Statistics for 500 Biggest US Cities

Click here to take the quiz!

General Stats

  • This quiz has been taken 17,062 times
    (16,168 since last reset)
  • The average score is 120 of 500

Answer Stats

Population State Urban Area % Correct
18,351,295NYNew York City
99%
12,150,996CALos Angeles
98%
5,502,379FLMiami
96%
8,608,208ILChicago
95%
5,121,892TXDallas
94%
3,281,212CASan Francisco
93%
4,944,332TXHouston
93%
1,886,011NVLas Vegas
92%
4,181,019MABoston
91%
3,059,393WASeattle
91%
5,441,567PAPhiladelphia
90%
4,515,419GAAtlanta
89%
4,586,770~Washington, D.C.
89%
3,629,114AZPhoenix
89%
2,374,203CODenver
88%
3,734,090MIDetroit
87%
2,956,746CASan Diego
87%
899,703LANew Orleans
85%
1,849,898ORPortland
84%
2,650,890MNMinneapolis
84%
1,510,516FLOrlando
83%
802,459HIHonolulu
83%
1,362,416TXAustin
83%
1,021,243UTSalt Lake City
82%
1,519,417MOKansas City
81%
351,478MSJackson
80%
861,505OKOklahoma City
80%
1,723,634CASacramento
79%
1,487,483INIndianapolis
79%
2,441,770FLTampa
79%
969,587TNNashville
77%
1,758,210TXSan Antonio
76%
1,780,673OHCleveland
74%
1,733,853PAPittsburgh
74%
2,150,706MOSt. Louis
74%
2,203,663MDBaltimore
74%
1,065,219FLJacksonville
73%
1,664,496CASan Jose
71%
1,060,061TNMemphis
71%
1,368,035OHColumbus
70%
1,249,442NCCharlotte
69%
935,906NYBuffalo
69%
1,624,827OHCincinnati
69%
803,086TXEl Paso
69%
594,962NYAlbany
68%
741,318NMAlbuquerque
68%
251,243AKAnchorage
67%
349,684IDBoise
67%
95,779GAAlbany
67%
1,376,476WIMilwaukee
67%
621,300MASpringfield
66%
240,223FLTallahassee
65%
953,556VARichmond
64%
884,891NCRaleigh
64%
594,309LABaton Rouge
63%
548,404SCCharleston
62%
431,388ARLittle Rock
62%
749,495ALBirmingham
62%
450,070IADes Moines
61%
972,546KYLouisville
60%
392,141NVReno
59%
258,719NELincoln
59%
1,190,956RIProvidence
59%
89,284NMSanta Fe
58%
725,008NEOmaha
58%
843,168AZTucson
57%
401,661WIMadison
56%
391,024NCWinston-Salem
55%
1,439,666VAVirginia Beach
54%
924,859CTHartford
54%
236,632ORSalem
53%
73,588WYCheyenne
52%
655,479OKTulsa
52%
559,409COColorado Springs
51%
549,777SCColumbia
50%
263,907ALMontgomery
50%
386,787GAAugusta
49%
81,955NDBismarck
49%
58,079NVCarson City
47%
150,003KSTopeka
47%
654,628CAFresno
47%
206,520WIGreen Bay
45%
720,572NYRochester
45%
444,474PAHarrisburg
45%
99,437TXWichita Falls
44%
313,532MILansing
44%
724,091OHDayton
44%
472,870KSWichita
44%
1,932,666CARiverside
44%
176,617WAOlympia
44%
260,677GASavannah
43%
76,068OHNewark
42%
290,263KYLexington
42%
110,769DEDover
42%
326,183ALMobile
42%
176,676NDFargo
42%
507,643OHToledo
41%
412,317NYSyracuse
40%
296,668NJTrenton
40%
156,777SDSioux Falls
39%
558,696TNKnoxville
38%
615,968CAConcord
38%
387,847WASpokane
37%
569,499OHAkron
37%
320,069TXCorpus Christi
37%
158,377NHManchester
36%
58,533MOJefferson City
36%
569,935MIGrand Rapids
36%
114,773MTBillings
36%
523,994CABakersfield
36%
562,839CTNew Haven
34%
114,591COBoulder
33%
482,819UTProvo
33%
347,602NCDurham
33%
196,651TXAmarillo
33%
64,513AKFairbanks
33%
381,502PAScranton
32%
71,957AZFlagstaff
31%
923,311CTBridgeport
31%
195,861CASanta Barbara
31%
247,421OREugene
31%
120,378MNDuluth
30%
381,112TNChattanooga
30%
196,611PAErie
29%
311,810NCGreensboro
29%
219,957NCWilmington
29%
237,356TXLubbock
29%
306,022MIAnn Arbor
29%
119,911NCBurlington
29%
128,754GAAthens
29%
248,402NJAtlantic City
28%
172,378TXWaco
28%
366,174MIFlint
27%
313,492INFort Wayne
27%
298,317LAShreveport
27%
217,585TXBrownsville
26%
177,844IACedar Rapids
25%
106,494IASioux City
25%
98,370UTSt. George
24%
278,165INSouth Bend
24%
664,651PAAllentown
24%
235,730TXLaredo
24%
252,720LALafayette
24%
82,804LAAlexandria
23%
61,210MEBangor
23%
295,083ARFayetteville
23%
340,067FLPensacola
22%
137,570GAMacon
22%
400,492SCGreenville
22%
486,514MAWorcester
22%
370,583CAStockton
22%
310,282NCFayetteville
22%
92,359VACharlottesville
21%
187,781FLGainesville
21%
106,621IAIowa City
21%
349,064FLDaytona Beach
21%
286,692ALHuntsville
21%
139,114ALTuscaloosa
21%
280,648NCAsheville
21%
266,921ILPeoria
20%
82,157MTMissoula
20%
232,045PAYork
20%
546,026UTOgden
20%
341,219CALancaster
20%
64,548WYCasper
20%
264,465COFort Collins
20%
728,825TXMcAllen
19%
530,290FLCape Coral
19%
128,600NMLas Cruces
19%
117,731CARedding
19%
402,004PALancaster
19%
81,624SDRapid City
19%
215,304SCMyrtle Beach
18%
210,111VARoanoke
18%
126,405TXOdessa
18%
135,267AZYuma
18%
136,550COPueblo
18%
117,807TXMidland
18%
143,280FLPanama City
18%
83,794ORBend
17%
117,328NYUtica
17%
387,550OHYoungstown
17%
116,533LAMonroe
17%
296,863ILRockford
17%
280,051IADavenport
17%
90,733IDIdaho Falls
17%
209,703MIKalamazoo
16%
643,260FLSarasota
16%
110,421TXAbilene
16%
132,600ILBloomington
16%
229,351INEvansville
16%
366,174CAModesto
16%
171,345TXCollege Station
15%
452,791FLPalm Bay
15%
108,657INBloomington
15%
78,162TXTexarkana
15%
163,703CASanta Cruz
15%
202,637WVHuntington
15%
79,796ALAnniston
15%
308,231CASanta Rosa
15%
103,898OKNorman
14%
147,922TXBeaumont
14%
88,200NHPortsmouth
14%
128,124COGrand Junction
14%
279,245OHCanton
14%
60,851GARome
14%
74,741ALAuburn
13%
47,493KSSalina
13%
88,053KSLawrence
13%
53,661NYIthaca
13%
54,622KSManhattan
13%
78,306KYBowling Green
13%
70,350WVMorgantown
13%
114,237CASeaside
13%
129,534WAYakima
13%
226,400NHNashua
13%
367,260CAOxnard
13%
266,254PAReading
13%
110,621MNSt. Cloud
12%
154,081ORMedford
12%
130,247TXTyler
12%
130,447CASanta Maria
12%
65,207MTGreat Falls
12%
83,913CANapa
12%
49,727NMRoswell
12%
81,249WVWheeling
12%
145,361ILChampaign
12%
209,190CTNorwich
12%
102,852WIEau Claire
12%
69,501TNBristol
12%
61,270NDGrand Forks
12%
366,174TXDenton
11%
93,863ILDecatur
11%
208,948MSGulfport
11%
60,438IAAmes
11%
59,219CASan Luis Obispo
11%
122,947ARFort Smith
11%
55,805WAWalla Walla
11%
98,378IDCoeur d'Alene
11%
158,655TNClarksville
11%
262,596FLLakeland
11%
69,809IDPocatello
11%
141,576MDFrederick
11%
74,495WIOshkosh
11%
69,173FLSt. Augustine
11%
258,653CASanta Clarita
11%
158,084NYBinghamton
11%
63,683TXVictoria
11%
67,818IADubuque
10%
89,557SCFlorence
10%
82,775MOJoplin
10%
98,176CAChico
10%
216,154WIAppleton
10%
114,473WABellingham
10%
376,047FLPort. St Lucie
10%
87,454PAState College
10%
75,689VAWilliamsburg
10%
133,700WIRacine
10%
126,265MISaginaw
10%
48,836IDTwin Falls
10%
151,499IDNampa
9%
47,109MITraverse City
9%
92,742INTerre Haute
9%
124,064WIKenosha
9%
79,930PAAltoona
9%
145,140WAEverett
9%
57,442NYKingston
9%
133,228TNMurfreesboro
9%
184,809CASalinas
9%
80,358MSHattiesburg
9%
143,440LALake Charles
9%
156,909FLOcala
9%
72,794CADavis
9%
180,786SCSpartanburg
9%
72,852OHLima
9%
213,751MDAberdeen
9%
88,542VABlacksburg
9%
116,636VALynchburg
9%
423,566NYPoughkeepsie
9%
55,121ARHot Springs
9%
62,433ORCorvallis
8%
120,415TNJohnson City
8%
210,975WAKennewick
8%
92,984TXSan Angelo
8%
78,393MIBattle Creek
8%
314,071FLKissimmee
8%
94,983UTLogan
8%
50,440NEGrand Island
8%
217,630TXKilleen
8%
77,085GAValdosta
8%
107,672CACalexico
8%
113,418IAWaterloo
8%
59,397MELewiston
8%
219,454CAVisalia
8%
136,969CAMerced
8%
100,868WILa Crosse
8%
194,535CTWaterbury
8%
65,419ARJonesboro
8%
88,133INAnderson
7%
441,546CAMurrieta
7%
53,049NMFarmington
7%
182,696MDHagerstown
7%
57,840NYWatertown
7%
90,580INMuncie
7%
69,449VAWinchester
7%
98,884TXLongview
7%
48,990OHSandusky
7%
117,825COGreeley
7%
81,176MOSt. Joseph
7%
67,229WVParkersburg
6%
133,683CAFairfield
6%
52,900MOCape Girardeau
6%
149,443MANew Bedford
6%
68,781ALDothan
6%
47,609OKEnid
6%
583,681CAMission Viejo
6%
68,998SCHilton Head Island
6%
69,014PAJohnstown
6%
141,238VAFredericksburg
6%
69,658WIJanesville
6%
70,543KYOwensboro
6%
77,086PALebanon
6%
70,585MIBay City
6%
48,791KYPaducah
6%
94,457OKLawton
6%
52,826TXSan Marcos
6%
53,427AZLake Havasu City
6%
53,495ARPine Bluff
6%
116,719CAYuba City
6%
168,136CTDanbury
6%
166,485NCHigh Point
6%
51,024GABrunswick
6%
71,313WISheboygan
6%
98,081MDSalisbury
6%
97,503OHMiddletown
6%
66,784VAHarrisonburg
6%
50,996ILDanville
6%
161,280MIMuskegon
6%
49,190NCWilson
6%
90,390TXTemple
6%
84,744AZPrescott
6%
328,454CAVictorville
6%
345,580CAIndio
6%
56,142PAWilliamsport
5%
66,301PAHanover
5%
66,025INMichigan City
5%
64,100NYSaratoga Springs
5%
57,584MNMankato
5%
51,899MDCumberland
5%
67,821ILCarbondale
5%
59,124MAPittsfield
5%
67,983NYElmira
5%
68,243NCRocky Mount
5%
62,966WAMount Vernon
5%
46,384OHMarion
5%
99,941MIHolland
5%
75,689OHMansfield
5%
104,996SCRock Hill
5%
106,383TXTexas City
5%
106,571TNKingsport
5%
93,141CAVacaville
5%
212,195NCHickory
5%
170,030TXMcKinney
5%
214,811CAThousand Oaks
5%
125,206CASimi Valley
5%
153,150TXPort Arthur
5%
166,485CAVallejo
5%
143,592INElkhart
5%
73,467KYElizabethtown
5%
74,632WIWausau
5%
133,109GAWarner Robins
5%
62,182INKokomo
4%
169,495NCGastonia
4%
180,956OHLorain
4%
54,622FLTitusville
4%
48,441OHFindlay
4%
88,925LAMandeville
4%
61,900TXSherman
4%
85,239GADalton
4%
54,901WIFond du Lac
4%
109,919MDWaldorf
4%
135,663TXHarlingen
4%
95,259NJVineland
4%
191,917FLFort Walton Beach
4%
72,794MDWestminster
4%
148,220FLSpring Hill
4%
87,106MIPort Huron
4%
144,875LAHouma
4%
65,277ARConway
4%
50,520ORGrants Pass
4%
246,695MABarnstable
4%
131,337FLLeesburg
4%
277,634CAAntioch
4%
78,413CAMadera
4%
239,938TXConroe
4%
50,503NCNew Bern
4%
67,629LAHammond
4%
81,926ILKankakee
4%
66,086PAMonessen
4%
51,291NJVillas
4%
99,904CATurlock
4%
83,890ILAlton
4%
119,509MISouth Lyon
3%
169,541FLNorth Port
3%
48,807SCBeaufort
3%
56,611VAStaunton
3%
149,422FLSebastian
3%
55,513CAWoodland
3%
55,934HIKahului
3%
50,887PAChambersburg
3%
163,379CAHemet
3%
113,682HIKailua
3%
112,991FLLady Lake
3%
116,960MALeominster
3%
182,169FLDeltona
3%
52,745AZSierra Vista
3%
98,413CAGilroy
3%
83,578CAManteca
3%
63,835WIBeloit
3%
81,926CALivermore
3%
65,443NYGlens Falls
3%
85,081MOLee's Summit
3%
65,088CAEl Paso de Robles
3%
59,036TNMorristown
3%
87,569CATracy
3%
64,172ALGadsden
3%
87,941CAHanford
3%
64,078CAPetaluma
3%
68,545ILDeKalb
3%
64,022WVBeckley
3%
67,227WAWenatchee
3%
68,738CALodi
3%
197,041AZAvondale
3%
90,897COLongmont
3%
61,625FLSebring
3%
91,151LASlidell
3%
61,054NCGoldsboro
3%
70,889WVWeirton
3%
61,022MIBenton Harbor
3%
201,289FLWinter Haven
3%
73,107SCSumter
3%
198,979WABremerton
3%
73,534CAWatsonville
2%
50,428MSPascagoula
2%
80,962FLHomosassa Springs
2%
68,444WIWest Bend
2%
120,577SCMauldin
2%
49,236TXEagle Pass
2%
310,298FLBonita Springs
2%
74,830TXLake Jackson
2%
70,272CAPorterville
2%
48,656AZBullhead City
2%
58,875MDLexington Park
2%
52,000CAArroyo Grande
2%
66,609FLZephyrhills
2%
51,331AZCasa Grande
2%
51,370PAUniontown
2%
51,456GAHinesville
2%
51,509CALompoc
2%
52,477GACartersville
2%
64,037NJTwin Rivers
2%
53,618PABloomsburg
2%
54,316PAEast Stroudsburg
2%
54,372CADelano
2%
63,758NMLos Lunas
2%
107,682PAPottstown
2%
56,827PAHazleton
2%
57,383ALDaphne
2%
290,373ILRound Lake Beach
2%
71,772CACamarillo
2%

Score Distribution

Percentile by Number Answered

Percent of People with Each Score

Your Score History

You have not taken this quiz since the last reset